Metodika nakladania s tuhým komunálnym odpadom v podmienkach vidieckej zástavby

Bibliographic Details
Main Authors: Báreková, Anna, 1970- (Author), Sklenár, Štefan (Author), Tátošová, Lucia, 1969- (Author)
Format: Book
Language:Slovak
PhysicalDescription:116 s. grafy, ilustr., mp., tab. 25 cm
Published: Nitra Slovenská poľnohospodárska univerzita 2011
ISBN:9788055205397
Edition:1. vyd.
Subjects:

MARC

LEADER 00000cam a2200000 a 4500
001 vtls010274031
003 SK-MaSNL
005 20260426005412.0
008 240315s2011 xo dbla f 001 0 slo
015 |a SNBA2011/08-04518 
020 |a 9788055205397  |q (brož.) 
035 |a BA866138-6A55-4A06-8DC2-43D850DE1FCE 
035 |a urn:nbn:sk:snk-amjhom 
035 |a urn:nbn:sk:snk-am001ymc 
040 |a SNK  |b slo  |c SNK  |e AACR2 
041 0 |a slo  |b eng  |b slo 
043 |a e-xo--- 
044 |a xo  |c SK 
072 7 |a 628  |x Sanitárna technika. Vodárenstvo. Odpadové hospodárstvo. Svetelná technika  |2 konspekt 
080 |a 711.436  |2 2001 
080 |a 628.3/.5  |2 2001 
080 |a 628.4  |2 2001 
080 |a (072)  |2 2001 
080 |a (437.6)  |2 2001 
100 1 |a Báreková, Anna,  |d 1970-  |4 aut  |9 188440 
245 1 0 |a Metodika nakladania s tuhým komunálnym odpadom v podmienkach vidieckej zástavby  |c Anna Báreková, Štefan Sklenár, Lucia Tátošová 
250 |a 1. vyd. 
260 |a Nitra  |b Slovenská poľnohospodárska univerzita  |c 2011 
300 |a 116 s.  |b grafy, ilustr., mp., tab.  |c 25 cm 
366 |e 150 výt. 
504 |a Bibliogr. s. 107-112. Použité označenie. Reg. tab. a obr. 
546 |a Res. angl. a slov. 
650 0 7 |a vidiek  |2 SNKPH  |9 3814 
650 0 7 |a odpadové hospodárstvo  |2 SNKPH  |9 3603 
650 0 7 |a komunálny odpad  |2 SNKPH  |9 3934 
650 0 7 |a Countryside  |2 SNKPHeng  |9 317799 
650 0 7 |a Waste management  |2 SNKPHeng  |9 267224 
650 0 7 |a Urban waste  |2 SNKPHeng  |9 319509 
651 7 |a Slovensko  |2 SNKPH  |9 14231 
651 7 |a Slovakia  |2 SNKPHeng  |9 92630 
655 7 |a metodické príručky  |2 SNKPH  |9 70250 
655 7 |a Methodological manuals  |2 SNKPHeng  |9 270866 
700 1 |a Sklenár, Štefan  |4 aut  |9 8053 
700 1 |a Tátošová, Lucia,  |d 1969-  |4 aut  |9 1634824 
852 |a Štátna vedecká knižnica v Banskej Bystrici 
919 |a 978-80-552-0539-7 
958 |a NB 
958 |a OND 
968 |d 62 
999 |c 1007199  |d 1009129 
952 |a SNK  |b SNK  |y PREZ  |7 0  |p 17A0705292  |o snkSC 145891  |i snk2011/14089  |8 0  |0 0  |1 0  |4 0  |d 2011-06-21  |l 0  |r 2025-07-15 00:00:00  |w 2026-02-24 
952 |a SNK  |b SNK  |y VYP  |7 0  |p 17A0705293  |o snkSC 145891 D1  |i snk2011/14090  |8 0  |0 0  |1 0  |4 0  |d 2011-06-21  |f 1  |l 0  |r 2026-02-24 12:40:04  |w 2026-02-24